Statistics for English Premier League teams with a D in their name

Click here to take the quiz!

General Stats

  • This quiz has been taken 75 times
  • The average score is 4 of 8

Answer Stats

Answer % Correct
Manchester United
90%
Huddersfield Town
57%
Newcastle United
56%
Watford
48%
West Ham United
44%
Wolverhampton Wanderers
30%
Cardiff City
30%
Brighton and Hove Albion
13%

Score Distribution

Percentile by Number Answered

Percent of People with Each Score

Your Score History

You have not taken this quiz